| 000 | 00494nam a2200217Ia 4500 | ||
|---|---|---|---|
| 001 | 1435 | ||
| 003 | GE_BSU | ||
| 008 | 181216s||||||||xx |||||||||||||| ||und|| | ||
| 020 | _a9780333923856 | ||
| 040 | _cGE_BSU | ||
| 080 | _a811.111 | ||
| 100 | _aKay Sue,. Jones Vaughan,.Philip kerr,. | ||
| 245 | _aInside Out. Students Book. | ||
| 245 | _bPre-Intermediate. | ||
| 260 | _aOxford. | ||
| 260 | _c2002. | ||
| 300 | _a143 c. | ||
| 541 | _h70 G. | ||
| 653 | _aStudents Book | ||
| 942 | _cBK | ||
| 999 |
_c35573 _d35573 |
||